ბათუმის შოთა რუსთაველის სახელმწიფო უნივერსიტეტის ბიბლიოთეკა

ნარინჯოვანთა ბიოლოგიური მრავალფეროვნება და გენეტიკური რესურსები საქართველოში / (ბიბ.ჩანაწერი № 51592)

000 -ლიდერი
ფიქსირებული სიგრძის საკონტროლო ველი 02168nam a2200277Ia 4500
001 - საკონტროლო ნომერი
საკონტროლო ველი 18583
003 - საკონტროლო ნომრის იდენტიფიკატორი
საკონტროლო ველი GE_BSU
005 - ბოლო ოპერაციის თარიღი და დრო
საკონტროლო ველი 20250127105842.0
008 - ფიქსირებული სიგრძის მონაცემთა ელემენტები - ზოგადი ინფორმაცია
ფიქსირებული სიგრძის საკონტროლო ველი 181216s2016||||ge |||||||||||||| ||geo||
020 ## - წიგნის საერთაშორისო სტანდარტული ნომერი
International Standard Book Number 9789941462320
040 ## - კატალოგიზაციის წყარო
Transcribing agency GE_BSU
041 ## - ენის კოდი
Language code of text/sound track or separate title geo
080 ## - უნივერსალური ათობითი კლასიფიკაციის ინდექსი
Universal Decimal Classification number 634.32(479.22)+502.35(479.22) ბ-25
100 ## - მთავარი ჩანაწერი - პიროვნების სახელი
Personal name ბარათაშვილი, დავით.
9 (RLIN) 1718
245 ## - ცნობა სათაურის შესახებ
Title ნარინჯოვანთა ბიოლოგიური მრავალფეროვნება და გენეტიკური რესურსები საქართველოში /
Statement of responsibility, etc დავით ბარათაშვილი, ნელი ხალვაში, რედ. ვ. ქობალია
264 ## - წარმოების, გამოცემის, დისტრიბუციის და სხვა ცნობები
გამოცემის, წარმოების, დისტრიბუციის... ადგილი ბათუმი:
გამოცემის, წარმოების, დისტრიბუციის... სახელწოდება შოთა რუსთაველის უნიტის გამ-ბა,
გამოცემის, წარმოების, დისტრიბუციის... თარიღი 2016.
300 ## - ფიზიკური აღწერა
Extent 406 გვ.:
Other physical details 20 სმ.
504 ## - BIBLIOGRAPHY, ETC. NOTE
Bibliography, etc ბიბლიოგრ.: გვ. 384-406
653 ## - INDEX TERM--UNCONTROLLED
Uncontrolled term ბუნება,სოფლის მეურნეობა,მებაღეობა.
653 ## - INDEX TERM--UNCONTROLLED
Uncontrolled term მონოგრაფიაში განხილულია საქართველოში არსებული ნარინჯოვანთა გენეტიკური კოლექციების დღევანდელი მდგომარეობა.მონოფრაფია დიდ დახმარებას გაუწევს მეციტრუსეობის დარგით დაინტერესებულ მკვლევარებს.
653 ## - INDEX TERM--UNCONTROLLED
Uncontrolled term ნარინჯოვანთა ბიოლოგიური მრავალფეროვნება და გენეტიკური რესურსები საქართველოში
700 ## - ADDED ENTRY--PERSONAL NAME
Personal name ხალვაში, ნელი
9 (RLIN) 24119
700 ## - ADDED ENTRY--PERSONAL NAME
Personal name ქობალია, ვ
Relator term რედაქტორი
9 (RLIN) 16986
710 ## - ADDED ENTRY--CORPORATE NAME
Corporate name or jurisdiction name as entry element ბათუმის შოთა რუსთაველის სახელმწიფო უნივერსიტეტი
9 (RLIN) 24120
942 ## - ADDED ENTRY ELEMENTS (KOHA)
Koha item type წიგნი
Source of classification or shelving scheme
ეგზემპლარები
ჩამოწერის სტატუსი დაკარგული ეგზემპლარის სტატუსი კლასიფიკაციის წყარო ან თაროზე გაწყობის სქემა დაზიანების სტატუსი არ გაიცემა მუდმივი მდებარეობა (დაცვის ადგილი) ამჟამინდელი ადგილსამყოფელი თაროზე განთავსების ადგილი შეძენის თარიღი ღირებულება, შესყიდვის ნორმალური ფასი სრული შენახვის შიფრი შტრიხკოდი ბოლო ოპერაციის თარიღი ეგზემპლარის მიმდევრობითი ნომერი (კეტერი?) ფასის ძალაში შესვლის თარიღი ეგზემპლარის სახეობა საჯარო შენიშვნა Uniform Resource Identifier
          ბათუმის შოთა რუსთაველის სახელმწიფო უნივერსიტეტის მთავარი ბიბლიოთეკა ბათუმის შოთა რუსთაველის სახელმწიფო უნივერსიტეტის მთავარი ბიბლიოთეკა წიგნსაცავი 2018-12-17 12.00 634.32(479.22)+502.35(479.22) ბ-25 48033 2018-12-17 48033 2018-12-17 წიგნი 12ლ.24თ.  
          ბათუმის შოთა რუსთაველის სახელმწიფო უნივერსიტეტის მთავარი ბიბლიოთეკა ბათუმის შოთა რუსთაველის სახელმწიფო უნივერსიტეტის მთავარი ბიბლიოთეკა წიგნსაცავი 2018-12-17 12.00 634.32(479.22)+502.35(479.22) ბ-25 48034 2018-12-17 48034 2018-12-17 წიგნი 12ლ.24თ.  
          ბათუმის შოთა რუსთაველის სახელმწიფო უნივერსიტეტის მთავარი ბიბლიოთეკა ბათუმის შოთა რუსთაველის სახელმწიფო უნივერსიტეტის მთავარი ბიბლიოთეკა წიგნსაცავი 2018-12-17 12.00 634.32(479.22)+502.35(479.22) ბ-25 48035 2018-12-17 48035 2018-12-17 წიგნი 12ლ.24თ.  
          ბათუმის შოთა რუსთაველის სახელმწიფო უნივერსიტეტის მთავარი ბიბლიოთეკა ბათუმის შოთა რუსთაველის სახელმწიფო უნივერსიტეტის მთავარი ბიბლიოთეკა წიგნსაცავი 2018-12-17 12.00 634.32(479.22)+502.35(479.22) ბ-25 48036 2018-12-17 48036 2018-12-17 წიგნი 12ლ.24თ.  
          ბათუმის შოთა რუსთაველის სახელმწიფო უნივერსიტეტის მთავარი ბიბლიოთეკა ბათუმის შოთა რუსთაველის სახელმწიფო უნივერსიტეტის მთავარი ბიბლიოთეკა წიგნსაცავი 2025-01-27 12.00 634.32(479.22)+502.35(479.22) ბ-25 70419 2025-01-27 70419 2025-01-27 წიგნი 12ლ.24თ. ნაჩუქარი
          ბათუმის შოთა რუსთაველის სახელმწიფო უნივერსიტეტის მთავარი ბიბლიოთეკა ბათუმის შოთა რუსთაველის სახელმწიფო უნივერსიტეტის მთავარი ბიბლიოთეკა წიგნსაცავი 2025-01-27 12.00 634.32(479.22)+502.35(479.22) ბ-25 70420 2025-01-27 70420 2025-01-27 წიგნი 12ლ.24თ. ნაჩუქარი
          ბათუმის შოთა რუსთაველის სახელმწიფო უნივერსიტეტის მთავარი ბიბლიოთეკა ბათუმის შოთა რუსთაველის სახელმწიფო უნივერსიტეტის მთავარი ბიბლიოთეკა წიგნსაცავი 2025-01-27 12.00 634.32(479.22)+502.35(479.22) ბ-25 70421 2025-01-27 70421 2025-01-27 წიგნი 12ლ.24თ. ნაჩუქარი
          ბათუმის შოთა რუსთაველის სახელმწიფო უნივერსიტეტის მთავარი ბიბლიოთეკა ბათუმის შოთა რუსთაველის სახელმწიფო უნივერსიტეტის მთავარი ბიბლიოთეკა წიგნსაცავი 2025-01-27 12.00 634.32(479.22)+502.35(479.22) ბ-25 70422 2025-01-27 70422 2025-01-27 წიგნი 12ლ.24თ. ნაჩუქარი